Metodologa̕ de la investigacin̤ para administradores

Detalles Bibliográficos
Autor principal: Garca̕ Dihigo, Joaqun̕
Formato: eBook
Lenguaje:español
Publicado: Bogot:̀ Ediciones de la U, 2016
Materias:
Acceso en línea:Acceso restringido

MARC

LEADER 00000nam a22000007a 4500
005 20161211192748.0
007 cr|||| |||
008 161211s2016 co |||||s|||| 00||0 spa d
020 |a 978-958-762-528-8 
035 |a 14638 
040 |a vLex 
090 |c 6478  |d 6478 
100 1 |a Garca̕ Dihigo, Joaqun̕ 
245 1 0 |a Metodologa̕ de la investigacin̤ para administradores  |h [Recurso electrn̤ico] /  |c Joaqun̕ Garca̕ Dihigo 
256 |a Servicio en ln̕ea 
260 |a Bogot:̀  |b Ediciones de la U,  |c 2016 
300 |a 1 recurso electrn̤ico 
506 1 |a Disponible solo en los productos indicados  |d vLex Global  |d vLex Global (Academic Edition, excluding Law Schools)  |d vLex Global (U.S. Academic Edition, Law Schools)  |d vLex Global (U.S. Academic Edition, excluding Law Schools)  |d vLex Global (Academic Edition, Law Schools) 
650 0 4 |a Derecho Mercantil y de la Empresa  |z Colombia 
740 0 |a vLex Libros (Servicio en ln̕ea) 
856 4 0 |u http://vlex.com/source/metodologia-investigacion-administradores-14638  |z Acceso restringido 
942 |c BOOK 
999 0 |a Commercial and Company Law